|
|
|
|
| LEADER |
00000nab a2200000uu 4500 |
| 001 |
vtls011456195 |
| 003 |
SK-MaSNL |
| 005 |
20260303214208.0 |
| 008 |
230222|1983 xo |||||||||||||||||eng| |
| 015 |
|
|
|a SNBRB
|
| 035 |
|
|
|a (urnnbn)urn:nbn:sk:snk:ar-a080ta
|
| 035 |
|
|
|a (uuid)70a4607d-4fa7-4ce3-8e93-d1ff34c9fd05
|
| 035 |
|
|
|a urn:nbn:sk:snk-abcr2i
|
| 040 |
|
|
|a SNKBUCL
|b slo
|c SNKBUCL
|e AACR2
|
| 041 |
0 |
|
|a eng
|
| 044 |
|
|
|a xo
|c SK
|
| 100 |
1 |
|
|a Podchernyaeva, R. YA.
|4 aut
|9 1209257
|
| 245 |
1 |
0 |
|a COMPARATIVE STUDIES ON BIOLOGICAL PROPERTIES AND GENOME COMPOSITION OF INFLUENZA VIRUS RECOMBINANTS
|c R. Ya. Podchernyaeva, V. K. Blinova, N. N. Sokolova, V. R. Farashyan, V. M. Zhdanov, S. D. Irzhanov, D. K. Lvov, Yu. Z. Ghendon
|
| 700 |
1 |
|
|a Lvov, D. K.
|4 aut
|9 922492
|
| 700 |
1 |
|
|a Sokolova, N. N.
|4 aut
|9 922489
|
| 700 |
1 |
|
|a Irzhanov, S. D.
|4 aut
|9 1248924
|
| 700 |
1 |
|
|a Blinova, V. K.
|4 aut
|9 922488
|
| 700 |
1 |
|
|a Zhdanov, V. M.
|4 aut
|9 1174223
|
| 700 |
1 |
|
|a Farashyan, V. R.
|4 aut
|9 1248925
|
| 700 |
1 |
|
|a Ghendon, Yu. Z.
|4 aut
|9 1200127
|
| 773 |
0 |
|
|t Acta virologica
|g Roč. 27, č. 3 (1983), s. 209-216
|
| 958 |
|
|
|a OND
|
| 958 |
|
|
|a EUIPO
|
| 958 |
|
|
|a article16
|
| 999 |
|
|
|c 2215857
|d 2217787
|